000 00509nam a2200145Ia 4500
008 100122s9999 xx 000 0 und d
082 _b10704
_a821
100 _aशेणोलीकर द श्री
245 _aज्ञानेशाची अमृतवाणी
260 _bमोघे प्रकाशन
_c1954
300 _a205
630 _aज्ञानेशाची अमृतवाणी
730 _aज्ञानेशाची अमृतवाणी
942 _cBOOK
999 _c402297
_d402294